000 00843nam a22002297a 4500
005 20090724143330.0
008 080708t xxu||||| |||| 00| 0 eng d
010 _aENG-94551
020 _a9788131305294
_c595.00
035 _aEN-78084
037 _bDBAD / PUB
040 _aDPL
_bEnglish
082 _a001.42
100 _aManoharan, P.K.
245 _aResearch methodology /
_cby P.K. Manoharan
260 _aNew Delhi
_bAPH Publishing Corporation
_c2009
270 _a4435-36/7, Ansari Raod, Darya Ganj,
_bNew Delhi
_e110002
300 _av, 222p.
_c23cm(Hb)
650 _aResearch
_xMethodology
942 _2ddc
_cEN
_h001.42
_mMAN
999 _c28629
_d28629